Biggest Cities Starting with State Abbreviations - Statistics

General Stats
  • This quiz has been taken 14 times
  • The average score is 7 of 50
Answer Stats
Code City Population % Correct
DE Delhi 10,927,986
92%
NE New York City 8,175,133
75%
MO Moscow 10,381,222
58%
CA Cairo 7,734,614
50%
MA Madrid 3,255,944
42%
ME Mexico City 12,294,193
42%
PA Paris 2,138,551
42%
LA Lagos 13,903,620
33%
RI Rio de Janeiro 6,023,699
25%
AL Alexandria 3,811,516
17%
MI Milan 1,236,837
17%
VA Vadodara 1,409,476
17%
FL Florianopolis 412,724
8%
IA Iasi 318,012
8%
KS Ksar El Kebir 126,617
8%
MD Mdantsane 205,504
8%
MN Mnichovo Hradiště 8,368
8%
MS Msowero 17,861
8%
MT Mtwara 140,793
8%
NH Nha Trang 283,441
8%
NJ Njeru 61,952
8%
NY Nyala 565,734
8%
SC Scottsdale 236,839
8%
SD Sderot 33,002
8%
VT Vtorovo 990
8%
WA Warsaw 1,702,139
8%
WI Winnipeg 632,063
8%
WV Wvmyslowek 2
8%
WY Wyoming 76,501
8%
AK Akola 428,857
0%
AR Arequipa 841,130
0%
AZ Azadshahr 514,102
0%
CO Cordoba 1,428,214
0%
CT Ctveřín 387
0%
GA Gaziantep 1,065,975
0%
HI Himeji 530,495
0%
ID Idkū 154,997
0%
IL Ilorin 814,192
0%
IN Incheon 2,628,000
0%
KE Kermanshah 621,100
0%
NC Nchelenge 36,894
0%
ND Ndola 451,246
0%
NM Nmaku 1,313
0%
NV Nveng 462
0%
OH Ohafia-Ifigh 73,355
0%
OK Okayama 639,652
0%
OR Orumiyeh 577,307
0%
TN Tnine Sidi Lyamani 1,155
0%
TX Txonze 5,263
0%
UT Utsunomiya 449,865
0%
No matching quizzes found
Score Distribution
Percent of People with Each Score
Percentile by Number Answered
Your Score History
You have not taken this quiz